000 00509nam a2200169 i 4500
001 80645
003 ES-MaACL
005 20230906174249.0
007 t|
008 041029s1969 sp ||||1| spa d
110 2 _aHospital de Navarra (Pamplona)
_94595
245 1 0 _aMemoria-estadística
_b: año 1968.
260 _aPamplona :
_bDiputación Foral de Navarra,
_c[1969]
300 _a111 p. ;
_c22 cm.
610 2 4 _aHospital de Navarra (Pamplona)-
_vMemorias.
_9169048
852 _aES-MaACL
_jC-48484
_bR.71647
999 _c80645
_d80645